[Event "DVM U16 2009"]
[Site "Verden/Aller GER"]
[Date "2009.12.29"]
[Round "5"]
[White "Matschewsky, Justus"]
[Black "Rothermel, Tim"]
[Result "0-1"]
[Termination "normal"]
[Board "8.3"]
[WhiteElo "1731"]
[BlackElo "1773"]
[WhiteTeam "USG Chemnitz"]
[BlackTeam "SK 1980 Gernsheim"]
[PlyCount "62"]
[WhiteFideId "24678708"]
[BlackFideId "24660647"]
[EventCountry "GER"]
[EventRounds "7"]
[EventType "team-swiss"]
[EventDate "2009.12.26"]

1. e4 b6 2. d4 Bb7 3. Nc3 e6 4. Be3 d5 5. exd5 exd5 6. Nf3 Nf6 7. a3 Nbd7 8.
Bd3 Bd6 9. O-O O-O 10. Bg5 h6 11. Bh4 Re8 12. Qd2 Nf8 13. Rae1 Ne6 14. Bf5 Ba6
15. Bd3 Bxd3 16. Qxd3 c6 17. Ne5 Rc8 18. f4 Nxd4 19. Kh1 Ne6 20. Qa6 Rc7 21.
Ng4 Be7 22. Bxf6 Bxf6 23. Nxf6+ gxf6 24. Qd3 Rce7 25. Rd1 Ng7 26. Qh3 Kh7 27.
Qd3+ f5 28. g4 Re3 29. Qd2 fxg4 30. f5 Qh4 31. f6 Nh5 0-1

[Event "DVM U16 2009"]
[Site "Verden/Aller GER"]
[Date "2009.12.29"]
[Round "5"]
[White "Hofmann, Christoph"]
[Black "Jentzsch, Jakob"]
[Result "0-1"]
[Termination "normal"]
[Board "8.4"]
[WhiteElo "1509"]
[BlackElo "1525"]
[WhiteTeam "SK 1980 Gernsheim"]
[BlackTeam "USG Chemnitz"]
[PlyCount "54"]
[WhiteFideId "24698857"]
[EventCountry "GER"]
[EventRounds "7"]
[EventType "team-swiss"]
[EventDate "2009.12.26"]

1. d4 Nf6 2. Bg5 e6 3. e4 d6 4. Nc3 Be7 5. e5 Nfd7 6. Bxe7 Qxe7 7. f4 d5 8. Qg4
f5 9. Qh3 a6 10. Nf3 c5 11. g4 g6 12. Rg1 Nc6 13. dxc5 Nxc5 14. gxf5 gxf5 15.
O-O-O Bd7 16. Ng5 O-O-O 17. Rd2 Rdf8 18. Rdg2 Be8 19. Qe3 d4 20. Qe1 dxc3 21.
Qxc3 Kb8 22. b4 Nxb4 23. Bc4 Bc6 24. Rd2 Bd5 25. Kb1 Ne4 26. Nxe4 fxe4 27. Rf1
Rc8 0-1

[Event "DVM U16 2009"]
[Site "Verden/Aller GER"]
[Date "2009.12.29"]
[Round "5"]
[White "Kuhlemann, Alexander"]
[Black "Viereck, Marten"]
[Result "1/2-1/2"]
[Termination "normal"]
[Board "9.1"]
[WhiteElo "1855"]
[BlackElo "1933"]
[WhiteTeam "SC 1868 Bamberg"]
[BlackTeam "SV Dresden-Striesen"]
[PlyCount "63"]
[BlackFideId "24692190"]
[EventCountry "GER"]
[EventRounds "7"]
[EventType "team-swiss"]
[EventDate "2009.12.26"]

1. f4 d5 2. e3 c5 3. Nf3 Nc6 4. b3 g6 5. Bb2 Nf6 6. Bb5 Bd7 7. c4 a6 8. cxd5
axb5 9. dxc6 Bxc6 10. O-O Bg7 11. Ne5 O-O 12. Nxc6 bxc6 13. Qc2 Qb6 14. Rc1 Nd7
15. Bxg7 Kxg7 16. Nc3 Ra7 17. a4 Rfa8 18. Ne4 c4 19. bxc4 Rxa4 20. Rab1 Kg8 21.
cxb5 cxb5 22. Qd3 Rb8 23. Nc3 Nc5 24. Qxb5 Qxb5 25. Rxb5 Rxb5 26. Nxb5 Nd3 27.
Rd1 Nb2 28. Nc3 Ra3 29. Rf1 Nc4 30. Nb1 Ra2 31. Rd1 Ra1 32. Nc3 1/2-1/2

[Event "DVM U16 2009"]
[Site "Verden/Aller GER"]
[Date "2009.12.29"]
[Round "5"]
[White "Leithold, Christian"]
[Black "Bücker, Florian"]
[Result "0-1"]
[Termination "normal"]
[Board "9.2"]
[WhiteElo "1338"]
[BlackElo "1628"]
[WhiteTeam "SV Dresden-Striesen"]
[BlackTeam "SC 1868 Bamberg"]
[PlyCount "106"]
[BlackFideId "12910171"]
[EventCountry "GER"]
[EventRounds "7"]
[EventType "team-swiss"]
[EventDate "2009.12.26"]

1. e4 e6 2. d4 d5 3. e5 c5 4. c3 Nc6 5. Nf3 Qb6 6. Bd3 Bd7 7. Bc2 Rc8 8. a3
Nge7 9. O-O cxd4 10. cxd4 Ng6 11. Nc3 Na5 12. Ba4 Bxa4 13. Qxa4+ Rc6 14. Qb5
Qxb5 15. Nxb5 a6 16. Nc3 Nb3 17. Rb1 Bxa3 18. bxa3 Rxc3 19. Nd2 Nxd4 20. Bb2
Rd3 21. Bxd4 Rxd4 22. Nf3 Ra4 23. Rxb7 O-O 24. Ra1 Rc8 25. Ng5 Rf8 26. Rb4 Rxb4
27. axb4 Rb8 28. Rxa6 Rxb4 29. Ra8+ Nf8 30. g3 h6 31. Nf3 g6 32. Rd8 Kg7 33. h4
Rb7 34. Kg2 Nd7 35. Rc8 Nb6 36. Rd8 Nc4 37. g4 Rb2 38. Kg3 Re2 39. Ra8 Nxe5 40.
Nxe5 Rxe5 41. Ra5 Re4 42. Ra2 Rc4 43. Rd2 Kf6 44. f3 Ke7 45. Kf2 Kd6 46. Ke3 e5
47. Kf2 f5 48. gxf5 gxf5 49. Kg3 Rc3 50. Kf2 d4 51. f4 Rh3 52. fxe5+ Kxe5 53.
Kg2 Rxh4 0-1

[Event "DVM U16 2009"]
[Site "Verden/Aller GER"]
[Date "2009.12.29"]
[Round "5"]
[White "Schrepfer, Maximilian"]
[Black "Hanisch, Paul"]
[Result "0-1"]
[Termination "normal"]
[Board "9.3"]
[WhiteElo "1550"]
[BlackElo "1361"]
[WhiteTeam "SC 1868 Bamberg"]
[BlackTeam "SV Dresden-Striesen"]
[PlyCount "55"]
[WhiteFideId "12910180"]
[EventCountry "GER"]
[EventRounds "7"]
[EventType "team-swiss"]
[EventDate "2009.12.26"]

1. d4 Nf6 2. c4 e5 3. dxe5 Ne4 4. Nf3 Bb4+ 5. Bd2 Bxd2+ 6. Nbxd2 Nxd2 7. Qxd2
O-O 8. e3 Nc6 9. Be2 Re8 10. O-O Nxe5 11. Rfd1 Qf6 12. Rac1 d6 13. Nd4 Bd7 14.
Qc3 Ng4 15. Bxg4 Bxg4 16. Rd2 Re7 17. h3 Be6 18. c5 dxc5 19. Qxc5 c6 20. Rcd1
Bd5 21. Qc3 Qg6 22. Nf3 Bxf3 23. Rd8+ Re8 24. g3 Raxd8 25. Re1 Rd1 26. Kh2 Rxe1
27. Qxe1 Qc2 28. g4 0-1

[Event "DVM U16 2009"]
[Site "Verden/Aller GER"]
[Date "2009.12.29"]
[Round "5"]
[White "Röbke, Martin"]
[Black "Seubert, Lukas"]
[Result "1/2-1/2"]
[Termination "normal"]
[Board "9.4"]
[WhiteElo "1265"]
[BlackElo "1557"]
[WhiteTeam "SV Dresden-Striesen"]
[BlackTeam "SC 1868 Bamberg"]
[PlyCount "32"]
[WhiteFideId "12910244"]
[EventCountry "GER"]
[EventRounds "7"]
[EventType "team-swiss"]
[EventDate "2009.12.26"]

1. e4 e6 2. d4 d5 3. Nc3 dxe4 4. Nxe4 Nc6 5. Nf3 Be7 6. Be3 Nf6 7. Nxf6+ Bxf6
8. c3 b6 9. Bb5 Bb7 10. Qa4 Qd7 11. Ne5 Bxe5 12. dxe5 a6 13. Bxc6 Qxc6 14.
Qxc6+ Bxc6 15. O-O O-O 16. Rad1 h6 1/2-1/2

[Event "DVM U16 2009"]
[Site "Verden/Aller GER"]
[Date "2009.12.29"]
[Round "5"]
[White "Schulz, Anja"]
[Black "Biesel, Mario"]
[Result "1-0"]
[Termination "normal"]
[Board "10.1"]
[WhiteElo "1996"]
[BlackElo "1523"]
[WhiteTeam "SV Muldental Wilkau-Haßlau"]
[BlackTeam "SC Turm Illingen"]
[PlyCount "57"]
[WhiteFideId "24647845"]
[BlackFideId "12910252"]
[EventCountry "GER"]
[EventRounds "7"]
[EventType "team-swiss"]
[EventDate "2009.12.26"]

1. e4 c5 2. Nf3 Nc6 3. d4 cxd4 4. Nxd4 Nf6 5. Nc3 d6 6. Bg5 e5 7. Nf5 Bxf5 8.
exf5 Be7 9. Bxf6 Bxf6 10. Nd5 O-O 11. Be2 Nd4 12. O-O Nxf5 13. Bd3 Nh6 14. Qh5
Bg5 15. f4 exf4 16. h4 Bf6 17. Rxf4 Be5 18. Rg4 Qd7 19. Qxh6 f5 20. Rg5 Bxb2
21. Rf1 Bd4+ 22. Kh1 g6 23. Rg3 Rae8 24. h5 Bg7 25. Qg5 Re6 26. hxg6 hxg6 27.
Nf4 Kf7 28. Bxf5 Rh8+ 29. Nh3 1-0

[Event "DVM U16 2009"]
[Site "Verden/Aller GER"]
[Date "2009.12.29"]
[Round "5"]
[White "Kuhn, Patrick"]
[Black "Schuffenhauer, Robert"]
[Result "1-0"]
[Termination "normal"]
[Board "10.2"]
[WhiteElo "1617"]
[BlackElo "1629"]
[WhiteTeam "SC Turm Illingen"]
[BlackTeam "SV Muldental Wilkau-Haßlau"]
[PlyCount "53"]
[WhiteFideId "12910260"]
[BlackFideId "1270108"]
[EventCountry "GER"]
[EventRounds "7"]
[EventType "team-swiss"]
[EventDate "2009.12.26"]

1. c4 e5 2. Nc3 d6 3. g3 Nc6 4. Bg2 f5 5. d3 Nf6 6. e4 g6 7. Nge2 Bg7 8. O-O
O-O 9. h3 Rb8 10. Be3 fxe4 11. dxe4 b6 12. Nd5 Be6 13. Rc1 Qd7 14. Qa4 a5 15.
Qxc6 Qxc6 16. Ne7+ Kh8 17. Nxc6 Rb7 18. b4 Bd7 19. b5 Bxc6 20. bxc6 Rbb8 21.
Nc3 Rf7 22. Nd5 Nxd5 23. cxd5 Rbf8 24. h4 Kg8 25. Bh3 Kh8 26. Kg2 Rf3 27. Bxb6
1-0

[Event "DVM U16 2009"]
[Site "Verden/Aller GER"]
[Date "2009.12.29"]
[Round "5"]
[White "Küneke, Niklas"]
[Black "Range, Felix"]
[Result "1-0"]
[Termination "normal"]
[Board "10.4"]
[WhiteElo "1173"]
[BlackElo "1274"]
[WhiteTeam "SC Turm Illingen"]
[BlackTeam "SV Muldental Wilkau-Haßlau"]
[PlyCount "87"]
[BlackFideId "12905623"]
[EventCountry "GER"]
[EventRounds "7"]
[EventType "team-swiss"]
[EventDate "2009.12.26"]

1. e4 c5 2. Nf3 d6 3. Nc3 Nf6 4. Bb5+ Nbd7 5. d3 a6 6. Bxd7+ Bxd7 7. O-O e6 8.
Re1 b5 9. a3 Qa5 10. Bd2 Qc7 11. b4 e5 12. bxc5 Qxc5 13. a4 b4 14. Nd5 Nxd5 15.
exd5 Be7 16. Qb1 a5 17. Qb3 O-O 18. Be3 Qc7 19. Rec1 Rab8 20. Ra2 Kh8 21. Nd2
f5 22. f3 f4 23. Bf2 g5 24. Ne4 g4 25. fxg4 Bxg4 26. h3 Bf5 27. Kf1 f3 28. gxf3
Bxh3+ 29. Ke2 Bg2 30. Nd2 Bg5 31. Rg1 Bxd2 32. Rxg2 Bc3 33. Qb1 Qf7 34. Rg3
Qxd5 35. Be3 b3 36. cxb3 Rxb3 37. Qd1 Rb4 38. Rc2 Qb3 39. Bd2 Bxd2 40. Rxd2
Qxd1+ 41. Kxd1 Rxa4 42. Kc1 Ra8 43. Rb2 Ra6 44. Rb8# 1-0